The metamorphosis : (Record no. 9608)

MARC details
000 -LEADER
fixed length control field 01528nam a22002297a 4500
001 - CONTROL NUMBER
control field 9608
003 - CONTROL NUMBER IDENTIFIER
control field FISKH
005 - DATE AND TIME OF LATEST TRANSACTION
control field 20260126100439.0
008 - FIXED-LENGTH DATA ELEMENTS--GENERAL INFORMATION
fixed length control field 260126b cb ||||| |||| 00| 0 eng d
020 ## - INTERNATIONAL STANDARD BOOK NUMBER
International Standard Book Number 9780199238552
040 ## - CATALOGING SOURCE
Original cataloging agency FISKH
Language of cataloging eng
Transcribing agency FISKH
Modifying agency FISKH
050 ## - LIBRARY OF CONGRESS CALL NUMBER
Classification number PT2621 .A26 .A6
082 ## - DEWEY DECIMAL CLASSIFICATION NUMBER
Classification number 833.912
100 ## - MAIN ENTRY--PERSONAL NAME
Personal name Kafka, Franz
Relator term Author
245 ## - TITLE STATEMENT
Title The metamorphosis :
Remainder of title and other stories /
Statement of responsibility, etc. Translated by Joyce Crick ; with an introduction and notes by Ritchie Robertson
260 ## - PUBLICATION, DISTRIBUTION, ETC.
Place of publication, distribution, etc. Oxford :
Name of publisher, distributor, etc. Oxford University Press ,
Date of publication, distribution, etc. 2009
520 ## - SUMMARY, ETC.
Summary, etc. When Gregor Samsa woke one morning from uneasy dreams, he found himself transformed into some kind of monstrous vermin. 'With a bewildering blend of the everyday and the fantastical, Kafka thus begins his most famous short story, The Metamorphosis. A commercial traveller is unexpectedly freed from his dreary job by his inexplicable transformation into an insect, which drastically alters his relationship with his family. Kafka considered publishing it with two of the stories included here in a volume to be called Punishments. The Judgement also concerns family tensions, when a power struggle between father and son ends with father passing an enigmatic judgement on the helpless son. The third story, In the Penal Colony, explores questions of power, justice, punishment, and the meaning of pain played out in a colonial setting.
650 ## - SUBJECT ADDED ENTRY--TOPICAL TERM
Topical term or geographic name entry element German literature
Form subdivision Experience of illness
650 ## - SUBJECT ADDED ENTRY--TOPICAL TERM
Topical term or geographic name entry element Short stories
Form subdivision Fiction
942 ## - ADDED ENTRY ELEMENTS (KOHA)
Source of classification or shelving scheme Dewey Decimal Classification
Koha item type Books
Suppress in OPAC No
Holdings
Withdrawn status Lost status Source of classification or shelving scheme Damaged status Not for loan Collection Home library Current library Shelving location Date acquired Total Checkouts Full call number Barcode Date last seen Copy number Price effective from Koha item type
    Dewey Decimal Classification     Fiction Footprints International School Library Network Toul Tom Poung Campus Footprints International School Library Network Toul Tom Poung Campus TTP Secondary Fiction Bookshelves 01/26/2026   KAF 833.912 PT2621 .A26 .A6 2026-0124 01/26/2026 1 01/26/2026 Books